| 000 | 01451cam a2200373 i 4500 | ||
|---|---|---|---|
| 999 |
_c6009 _d6009 |
||
| 001 | 20859096 | ||
| 003 | OSt | ||
| 005 | 20260126150039.0 | ||
| 008 | 190220s2019 nyuab d 000 1 eng | ||
| 010 | _a 2019006769 | ||
| 020 | _a9781250157683 | ||
| 035 | _a20859096 | ||
| 040 |
_aDLC _beng _cDLC _erda _dDLC _dKH8 |
||
| 042 |
_apcc _alcac |
||
| 082 | _aFIC GAR | ||
| 100 | 1 |
_aGarber, Stephanie, _eauthor. |
|
| 245 | 1 | 0 |
_aFinale / _cStephanie Garber. |
| 250 | _aFirst U.S. Edition. First International Edition. | ||
| 264 | 1 |
_aNew York : _bFlatiron Books, _c2019. |
|
| 300 |
_a478 pages : _billustrations, map ; _c25 cm. |
||
| 336 |
_atext _btxt _2rdacontent |
||
| 337 |
_aunmediated _bn _2rdamedia |
||
| 338 |
_avolume _bnc _2rdacarrier |
||
| 490 | 0 | _aA Caraval novel | |
| 500 | _a"#1 New York Times bestselling author"--Dust jacket. | ||
| 520 |
_a"With lives, empires, and hearts hanging in the balance, Tella must decide if she's going to trust Legend or a former enemy. After uncovering a secret that upends her life, Scarlett will need to do the impossible. And Legend has a choice to make that will forever change and define him"-- _cProvided by publisher. |
||
| 650 | 1 |
_aSisters _vFiction. |
|
| 650 | 1 |
_aPerforming arts _vFiction. |
|
| 650 | 1 |
_aGames _vFiction. |
|
| 650 | 1 | _aFantasy. | |
| 655 | 7 |
_aFiction. _2lcgft _0https://id.loc.gov/authorities/genreForms/gf2014026339 |
|
| 700 | 1 |
_aDavies, Rhys, _ecartographer. |
|
| 942 |
_2ddc _cFIC |
||